000 00616nam a2200193Ia 4500
999 _c10772
_d10772
003 OSt
005 20191221114135.0
008 190216s9999||||xx |||||||||||||| ||und||
020 _a9788129702449
040 _coclc
082 _a338.5024658
_bKEA/M
100 _aKeat, Paul G
_9648
245 0 _aManagerial Economics:
_bEconomic Tools For Today`s Decision Makers /
_cPaul G Keat ; Philip K Y Young
250 _a4th ed.
260 _bPearson Education International,
_aDelhi:
_c2004.
300 _a765p
650 _aEconomics
942 _cBK
_2ddc
_h338.5024658
_iKEA/M
_k338.5024658
_mKEA/M